=LDR 00000nam 2200000 4500 =001 INLIS000000000031601 =005 20130612133650 =008 ***********************************ind** =035 ##$$0010-061300000031601 =041 ##$$a ind =082 ##$$a F Rom K =090 ##$$a F Rom K, Mah, p =100 ##$$a MAHARANI =245 ##$$a Priki Helpeo Her Mommy , Maharani;Editor,M.Ihsan =260 ##$$a 2008 $b Jakarta =300 ##$$a 24 hlm. , Illus. , 21 Cm =650 ##$$a FIKSI KANAK-KANAK =700 ##$$a IHSAN, M =850 ##$$a NBPNMAT